000
00306nam a2200121Ia 4500
008
191201s2016 xx 000 0 und d
100
_a
PRASAD, L.M.
245
0
_a
Principles and Practice of Management
260
_a
N. Delhi
_b
Sultan Chand
_c
2016
300
_a
536
650
_a
B.Tech(CSE)
942
_2
ddc
_c
BK
999
_c
6655
_d
6655